<?xml version="1.0" encoding="UTF-8"?>
<record
    xmlns:xsi="http://www.w3.org/2001/XMLSchema-instance"
    xsi:schemaLocation="http://www.loc.gov/MARC21/slim http://www.loc.gov/standards/marcxml/schema/MARC21slim.xsd"
    xmlns="http://www.loc.gov/MARC21/slim">

  <leader>00830nam a22001337a 4500</leader>
  <datafield tag="040" ind1=" " ind2=" ">
    <subfield code="c">RUA</subfield>
  </datafield>
  <datafield tag="082" ind1=" " ind2=" ">
    <subfield code="a">AVM HAK 2011 B097 Or.1</subfield>
  </datafield>
  <datafield tag="100" ind1=" " ind2=" ">
    <subfield code="a">HAK, SAVATEY.</subfield>
  </datafield>
  <datafield tag="245" ind1=" " ind2=" ">
    <subfield code="a">Effect of supplementation of stilo 184 feed intake digestibilty and n-retention of local yellow cattle fed  basal diets of rice straw and mulatio II &#x17A5;&#x1791;&#x17D2;&#x1790;&#x17B7;&#x1796;&#x179B;&#x1793;&#x17C3;&#x1780;&#x17B6;&#x179A;&#x1794;&#x1793;&#x17D2;&#x1790;&#x17C2;&#x1798; stylo &#x17E1;&#x17E8;&#x17E4;&#x200B; &#x179B;&#x17BE;&#x1780;&#x17B6;&#x179A;&#x179F;&#x17CA;&#x17B8;&#x1785;&#x17BC;&#x179B;&#x1780;&#x17B6;&#x179A;&#x179A;&#x17C6;&#x179B;&#x17B6;&#x1799; &#x1793;&#x17B7;&#x1784; n-retention &#x179A;&#x1794;&#x179F;&#x17CB;&#x1782;&#x17C4;&#x1796;&#x17BC;&#x1787;&#x1780;&#x17D2;&#x1793;&#x17BB;&#x1784;&#x179F;&#x17D2;&#x179A;&#x17BB;&#x1780;&#x178A;&#x17C2;&#x179B;&#x179F;&#x17CA;&#x17B8;&#x1785;&#x17C6;&#x1794;&#x17BE;&#x1784; &#x1793;&#x17B7;&#x1784;&#x179F;&#x17D2;&#x1798;&#x17C5;&#x179F;&#x17D2;&#x179A;&#x179F;&#x17CB; mullato II &#x1787;&#x17B6;&#x1785;&#x17C6;&#x178E;&#x17B8;&#x1782;&#x17D2;&#x179A;&#x17B9;&#x17C7;</subfield>
  </datafield>
  <datafield tag="260" ind1=" " ind2=" ">
    <subfield code="a">Phnom Penh</subfield>
    <subfield code="b">RUA</subfield>
    <subfield code="c">2011</subfield>
  </datafield>
  <datafield tag="300" ind1=" " ind2=" ">
    <subfield code="a">vii; 38p.</subfield>
    <subfield code="b">ill.</subfield>
    <subfield code="c">29cm.</subfield>
  </datafield>
  <datafield tag="856" ind1=" " ind2=" ">
    <subfield code="u">https://drive.google.com/file/d/1L25X0d6-s-AzKJVcof-Q3TdCJsQ940Vj/view?usp=sharing</subfield>
  </datafield>
  <datafield tag="942" ind1=" " ind2=" ">
    <subfield code="c">AVM</subfield>
  </datafield>
  <datafield tag="999" ind1=" " ind2=" ">
    <subfield code="c">2523</subfield>
    <subfield code="d">2523</subfield>
  </datafield>
  <datafield tag="952" ind1=" " ind2=" ">
    <subfield code="0">0</subfield>
    <subfield code="1">0</subfield>
    <subfield code="2">ddc</subfield>
    <subfield code="4">0</subfield>
    <subfield code="6">AVM_HAK_2011_000000000000000_B097_OR_1</subfield>
    <subfield code="7">0</subfield>
    <subfield code="9">11590</subfield>
    <subfield code="a">LBB</subfield>
    <subfield code="b">LBB</subfield>
    <subfield code="c">B097</subfield>
    <subfield code="d">2015-10-22</subfield>
    <subfield code="o">AVM HAK 2011 B097 Or.1</subfield>
    <subfield code="p">RUA020353</subfield>
    <subfield code="r">2015-10-22</subfield>
    <subfield code="w">2015-10-22</subfield>
    <subfield code="y">AVM</subfield>
  </datafield>
  <datafield tag="952" ind1=" " ind2=" ">
    <subfield code="0">0</subfield>
    <subfield code="1">0</subfield>
    <subfield code="2">ddc</subfield>
    <subfield code="4">0</subfield>
    <subfield code="6">AVM_HAK_2011_000000000000000_B097_OR_2</subfield>
    <subfield code="7">0</subfield>
    <subfield code="9">11591</subfield>
    <subfield code="a">LBB</subfield>
    <subfield code="b">LBB</subfield>
    <subfield code="c">B097</subfield>
    <subfield code="d">2015-10-22</subfield>
    <subfield code="o">AVM HAK 2011 B097 Or.2</subfield>
    <subfield code="p">RUA016179</subfield>
    <subfield code="r">2015-10-22</subfield>
    <subfield code="w">2015-10-22</subfield>
    <subfield code="y">AVM</subfield>
  </datafield>
  <datafield tag="952" ind1=" " ind2=" ">
    <subfield code="0">0</subfield>
    <subfield code="1">0</subfield>
    <subfield code="2">ddc</subfield>
    <subfield code="4">0</subfield>
    <subfield code="6">AVM_HAK_2011_000000000000000_B097_OR_3</subfield>
    <subfield code="7">0</subfield>
    <subfield code="9">11592</subfield>
    <subfield code="a">LBB</subfield>
    <subfield code="b">LBB</subfield>
    <subfield code="c">B097</subfield>
    <subfield code="d">2015-10-22</subfield>
    <subfield code="l">1</subfield>
    <subfield code="o">AVM HAK 2011 B097 Or.3</subfield>
    <subfield code="p">RUA015958</subfield>
    <subfield code="r">2020-02-10</subfield>
    <subfield code="s">2019-12-30</subfield>
    <subfield code="w">2015-10-22</subfield>
    <subfield code="y">AVM</subfield>
  </datafield>
  <datafield tag="952" ind1=" " ind2=" ">
    <subfield code="0">0</subfield>
    <subfield code="1">0</subfield>
    <subfield code="2">ddc</subfield>
    <subfield code="4">0</subfield>
    <subfield code="6">AVM_HAK_2011_000000000000000_B097_OR_4</subfield>
    <subfield code="7">0</subfield>
    <subfield code="9">11593</subfield>
    <subfield code="a">LBB</subfield>
    <subfield code="b">LBB</subfield>
    <subfield code="c">B097</subfield>
    <subfield code="d">2015-10-22</subfield>
    <subfield code="o">AVM HAK 2011 B097 Or.4</subfield>
    <subfield code="p">RUA016107</subfield>
    <subfield code="r">2015-10-22</subfield>
    <subfield code="w">2015-10-22</subfield>
    <subfield code="y">AVM</subfield>
  </datafield>
  <datafield tag="952" ind1=" " ind2=" ">
    <subfield code="0">0</subfield>
    <subfield code="1">0</subfield>
    <subfield code="2">ddc</subfield>
    <subfield code="4">0</subfield>
    <subfield code="6">AVM_HAK_2011_000000000000000_B097_OR_5</subfield>
    <subfield code="7">0</subfield>
    <subfield code="9">11594</subfield>
    <subfield code="a">LBB</subfield>
    <subfield code="b">LBB</subfield>
    <subfield code="c">B097</subfield>
    <subfield code="d">2015-10-22</subfield>
    <subfield code="o">AVM HAK 2011 B097 Or.5</subfield>
    <subfield code="p">RUA011076</subfield>
    <subfield code="r">2015-10-22</subfield>
    <subfield code="w">2015-10-22</subfield>
    <subfield code="y">AVM</subfield>
  </datafield>
  <datafield tag="952" ind1=" " ind2=" ">
    <subfield code="0">0</subfield>
    <subfield code="1">0</subfield>
    <subfield code="2">ddc</subfield>
    <subfield code="4">0</subfield>
    <subfield code="6">AVM_HAK_2011_000000000000000_B097_OR_6</subfield>
    <subfield code="7">0</subfield>
    <subfield code="9">11595</subfield>
    <subfield code="a">LBB</subfield>
    <subfield code="b">LBB</subfield>
    <subfield code="c">B097</subfield>
    <subfield code="d">2015-10-22</subfield>
    <subfield code="o">AVM HAK 2011 B097 Or.6</subfield>
    <subfield code="p">RUA011175</subfield>
    <subfield code="r">2015-10-22</subfield>
    <subfield code="w">2015-10-22</subfield>
    <subfield code="y">AVM</subfield>
  </datafield>
  <datafield tag="952" ind1=" " ind2=" ">
    <subfield code="0">0</subfield>
    <subfield code="1">0</subfield>
    <subfield code="2">ddc</subfield>
    <subfield code="4">0</subfield>
    <subfield code="6">AVM_HAK_2011_000000000000000_B097_OR_7</subfield>
    <subfield code="7">0</subfield>
    <subfield code="9">11596</subfield>
    <subfield code="a">LBB</subfield>
    <subfield code="b">LBB</subfield>
    <subfield code="c">B097</subfield>
    <subfield code="d">2015-10-22</subfield>
    <subfield code="o">AVM HAK 2011 B097 Or.7</subfield>
    <subfield code="p">RUA011297</subfield>
    <subfield code="r">2015-10-22</subfield>
    <subfield code="w">2015-10-22</subfield>
    <subfield code="y">AVM</subfield>
  </datafield>
  <datafield tag="952" ind1=" " ind2=" ">
    <subfield code="0">0</subfield>
    <subfield code="1">0</subfield>
    <subfield code="2">ddc</subfield>
    <subfield code="4">0</subfield>
    <subfield code="6">AVM_HAK_2011_000000000000000_B097_OR_8</subfield>
    <subfield code="7">0</subfield>
    <subfield code="9">11597</subfield>
    <subfield code="a">LBB</subfield>
    <subfield code="b">LBB</subfield>
    <subfield code="c">B097</subfield>
    <subfield code="d">2015-10-22</subfield>
    <subfield code="o">AVM HAK 2011 B097 Or.8</subfield>
    <subfield code="p">RUA011013</subfield>
    <subfield code="r">2015-10-22</subfield>
    <subfield code="w">2015-10-22</subfield>
    <subfield code="y">AVM</subfield>
  </datafield>
</record>
